• 首页
  • 本馆介绍
  • 公告通知
  • 最新文献
  • 馆藏检索
  • 电子资源
  • 读者导购
  • 参考咨询
  • 我的图书馆
  • 登录
  • 详细信息显示
  • 放入我的书架
  • 预约/预借图书
  • 作者相关作品
  • 分类相关作品
  • 丛书相关作品
  • 出版社相关作品

书目信息

  • 表格格式
  • 工作单格式
  • 卡片格式
题名:
研途有悟
    
 
作者: 王诚 编著
分册:  
出版信息: 北京   中国政法大学出版社  2018.05
页数: 253页
开本: 26cm
丛书名:
单 册:
中图分类: G642.474
科图分类:
主题词: 研究生--入学考试--升学参考资料
电子资源:
ISBN: 978-7-5620-8302-3
000 00941nam0 2200229 450
001 0108153859
005 20210308154400.0
010    @a978-7-5620-8302-3@dCNY45.80
100    @a20190226d2018 em y0chiy50 ea
101 0  @achi
102    @aCN@b110000
105    @ay z 000yy
106    @ar
200 1  @a研途有悟@Ayan tu you wu@f王诚编著
210    @a北京@c中国政法大学出版社@d2018.05
215    @a253页@d26cm
330    @a本书内容涉及院校专业选择;逻辑、写作学习方法;思维训练方法;已考学生经验分享等。为新一届考生从备考初期到初试完成提供全方位的复习指导。本书内容覆盖全面,既可以作为已考学生的回忆录,又可以作为新考生的复习指南,是备考研究生全阶段的复习指导用书中的不二选择。全书内容涵盖考研的复习方法、时间安排、学校及专业选择、心态调整方法、复试策略等。
606 0  @a研究生@x入学考试@j升学参考资料
690    @aG642.474@v5
701  0 @a王诚@Awang cheng@4编著
801  0 @aCN@bBJSZM@c20210308
905    @b1270832-6@dG642.474@e2043@f5
    
    研途有悟/王诚编著.-北京:中国政法大学出版社,2018.05
    253页;26cm
    
    
    ISBN 978-7-5620-8302-3:CNY45.80
    本书内容涉及院校专业选择;逻辑、写作学习方法;思维训练方法;已考学生经验分享等。为新一届考生从备考初期到初试完成提供全方位的复习指导。本书内容覆盖全面,既可以作为已考学生的回忆录,又可以作为新考生的复习指南,是备考研究生全阶段的复习指导用书中的不二选择。全书内容涵盖考研的复习方法、时间安排、学校及专业选择、心态调整方法、复试策略等。
●
相关链接 在E读中查询图书 在五车中查询图书 在当当中查询图书 在豆瓣中查询图书


正题名:研途有悟     索取号:G642.474/2043         预约/预借

序号 登录号 条形码 馆藏地/架位号 状态 备注
1 1270832   212708328   第一样本阅览室/ [索取号:G642.474/2043] 在馆    
2 1270833   212708337   教育系资料室/ [索取号:G642.474/2043] 在馆    
3 1270834   212708346   教育系资料室/ [索取号:G642.474/2043] 在馆    
4 1270835   212708355   第四借阅区/ [索取号:G642.474/2043] 在馆    
5 1270836   212708364   第四借阅区/ [索取号:G642.474/2043] 在馆    
唐山师范学院图书馆 欢迎您!
大连网信软件有限公司© 版权所有